Eastern Utah Libraries Catalog: Duchesne, Heber, Roosevelt, & Vernal

Fancy / (Record no. 275968)

MARC details
000 -LEADER
fixed length control field 01142cam a2200313 a 4500
001 - CONTROL NUMBER
control field mlg46887502
003 - CONTROL NUMBER IDENTIFIER
control field KyBuM
005 - DATE AND TIME OF LATEST TRANSACTION
control field 20200320185349.0
008 - FIXED-LENGTH DATA ELEMENTS--GENERAL INFORMATION
fixed length control field 110225s2010 nyua j 000 1 eng d
020 ## - INTERNATIONAL STANDARD BOOK NUMBER
International Standard Book Number 9780545120982
040 ## - CATALOGING SOURCE
Original cataloging agency KyBuM
Transcribing agency KyBuM
082 14 - DEWEY DECIMAL CLASSIFICATION NUMBER
Classification number E
Edition number 14
100 1# - MAIN ENTRY--PERSONAL NAME
Personal name Earhart, Kristin.
9 (RLIN) 69962
245 10 - TITLE STATEMENT
Title Fancy /
Statement of responsibility, etc by Kristin Earhart ; illustrated by Elisabeth Alba.
260 ## - PUBLICATION, DISTRIBUTION, ETC. (IMPRINT)
Place of publication, distribution, etc New York :
Name of publisher, distributor, etc Cartwheel Books/Scholastic,
Date of publication, distribution, etc c2010.
300 ## - PHYSICAL DESCRIPTION
Extent 25 p. :
Other physical details col. ill. ;
Dimensions 23 cm.
440 #0 - SERIES STATEMENT/ADDED ENTRY--TITLE
Title Breyer stablemates
9 (RLIN) 5747413
520 ## - SUMMARY, ETC.
Summary, etc Grace begins her riding lessons with a Welsh pony called Fancy.
521 2# - TARGET AUDIENCE NOTE
Target audience note K-3
Source Medialog, Inc.
526 8# - STUDY PROGRAM INFORMATION NOTE
Program name Accelerated Reader AR
Interest level Lower Grades
Reading level 3.2
Title point value 0.5
Public note quiz: 139507
650 #7 - SUBJECT ADDED ENTRY--TOPICAL TERM
Topical term or geographic name as entry element Horses
Form subdivision Fiction.
Source of heading or term sears
9 (RLIN) 5674800
650 #7 - SUBJECT ADDED ENTRY--TOPICAL TERM
Topical term or geographic name as entry element Horsemanship
Form subdivision Fiction.
Source of heading or term sears
9 (RLIN) 5686571
650 #7 - SUBJECT ADDED ENTRY--TOPICAL TERM
Topical term or geographic name as entry element Welsh pony
Form subdivision Fiction.
Source of heading or term sears
9 (RLIN) 5866293
700 1# - ADDED ENTRY--PERSONAL NAME
Personal name Alba, Elisabeth,
Relator term ill.
9 (RLIN) 5866294
942 ## - ADDED ENTRY ELEMENTS (KOHA)
Koha item type BOOK
948 ## - LOCAL PROCESSING INFORMATION (OCLC); SERIES PART DESIGNATOR (RLIN)
Series part designator, SPT (RLIN) 09/09/2011
b (OCLC) 11/04/2011
z (OCLC) Sirsi
996 ## -
-- 85982
-- 34301001027764
-- EL
-- bk
-- wcl
-- i
-- 71
-- 15.95
-- book farm
-- Ear
-- 09/09/2011
-- 11/15/2019
-- 10/21/2019
Holdings
Withdrawn status Lost status Source of classification or shelving scheme Damaged status Not for loan Collection code Home library Current library Shelving location Date acquired Cost, normal purchase price Total Checkouts Total Renewals Full call number Barcode Date last seen Date checked out Cost, replacement price Price effective from Koha item type
    Dewey Decimal Classification     Children Leveled Wasatch County Library Wasatch County Library Main Floor Childrens Area 09/09/2011 15.95 91 15 E Ear 34301001027764 12/12/2025 11/21/2025 15.95 03/20/2020 BOOK
This project was made possible through a grant from the Institute of Museum and Library Service administered by the Utah State Library Division.

Wasatch County Library

  • 465 East 1200 South, Heber City, Utah 84032
  • Phone 435-654-1511 | Fax 435-654-6456

Hours

  • Monday - Friday 9:30 AM - 8:00 PM
  • Saturday 9:30 AM - 1:30 PM
  • Closed Sundays and Holidays